| 000 | 00803nam a22002297a 4500 | ||
|---|---|---|---|
| 999 |
_c8258 _d8258 |
||
| 003 | AR-CdUCM | ||
| 008 | 190322b ||||| |||| 00| 0 spa d | ||
| 040 |
_aMUNICIPALIDAD PROVINCIAL DEL CUSCO _cBIBLIOTECA MUNICIPAL DEL CUSCO |
||
| 082 |
_22ed. _a574.1 / _bC46 |
||
| 110 |
_aEditorial Blume _923238 |
||
| 245 | _aLa célula viva / | ||
| 260 |
_aBarcelona : _bBlume, _c1970. |
||
| 300 |
_a419 paginas ; _c29 cm. |
||
| 440 |
_aSelecciones de Scientific American. _923239 |
||
| 505 | _aContenido :Niveles de complejidad -- Orgánulos -- Energética -- Síntesis -- División y diferenciación ... | ||
| 650 |
_aCitología _918925 |
||
| 650 |
_aCitoquimica _923240 |
||
| 700 |
_aGarcia Acha, Isabel (traductora) _923241 |
||
| 700 |
_aLosada Manuel y otros _923242 |
||
| 942 |
_2ddc _cLIBROS |
||
| 945 | _arum | ||